Lettres les plus utilisées dans les pays - Erreurs éliminatoires - Statistiques

Statistiques générales
  • Ce quiz a été pris 134 fois
  • Le résultat moyen est 8 sur 10
Statistiques - réponses
% # Letter % Correct
12,11% 203 A
100%
13,19% 221 E
99%
10,38% 174 I
93%
5,79% 97 O
93%
5,79% 97 U
87%
5,19% 87 S
81%
8,00% 134 N
74%
6,09% 102 R
73%
4,36% 73 L
71%
4,83% 81 T
70%
Aucun quiz correspondant
Distribution des résultats
% des personnes avec chaque résultat
Percentile par nombre de réponses
Votre historique - résultats
Vous n’avez pas pris ce quiz